Eurovision 2024 Lyric Match (Hard) - Statistics

General Stats
  • This quiz has been taken 732 times
  • The average score is 15 of 37
Answer Stats
Hint Answer % Correct
Et c'est toujours la même fin qui recommence France
79%
Zal niet stoppen tot ze zeggen: "Ja, ja, dat doet 'ie goed, hé" Netherlands
69%
Una corona di spine sarà il dress-code per la mia festa Italy
67%
Før eg fær drukkje min broderѕ blod Norway
64%
I'm so pumped, I'm so psyched Switzerland
63%
Que ainda arde, ainda arde Portugal
55%
The feelings I have, I cannot avoid Ireland
52%
Diže se iz pepela Serbia
51%
She gon' chew you up and leave you empty, hollow Sweden
50%
Cherry on top, you're the cinnamon Malta
47%
Et voilà Luxembourg
46%
Tarekese tagatoas on laual ainult IPA-d Estonia
44%
Ir kai sutems, ir vėl iš naujo Lithuania
44%
I am the king, I am the queen Finland
42%
I hope I find peace in the noise Croatia
41%
Aghchga bes kez bahi Armenia
40%
Tvojo resnico le ona ve Slovenia
40%
We like to party, But we love rock San Marino
39%
My heart's beatin' louder, I'm runnin' like tigers Georgia
38%
Lapídame, si ya total Spain
38%
Bosi, niby po lezu, ishly po zemli Ukraine
38%
But I'll barely make it through the night Belgium
34%
Everything is black and white Israel
34%
I know what I'm doing, 'cause, yeah, I got it all black and white Cyprus
33%
Móni ki an méno Greece
32%
You just did it again Austria
30%
Pictures of us lyin' on the floor Denmark
29%
Shinin' in a tiger's eyes, only I can find my future Poland
29%
You thought I wouldn't make it out here on my own Albania
28%
Hold my heart in your hands Azerbaijan
28%
Time has frozen, all memories lost United Kingdom
26%
We're on a gravitron as it tangles, mm Australia
25%
Oh the irony Czechia
25%
Open your eyes, it's like a door Moldova
24%
Woah, it's like a bad disease that I can't shake Latvia
22%
Like I’m haunted by the voices deep within Germany
19%
Getting hurt taught me to be cautious Iceland
18%
No matching quizzes found
Score Distribution
Percent of People with Each Score
Percentile by Number Answered
Your Score History
You have not taken this quiz